LEADER 01087nam a2200265 4500 001 000000350813 003 CaOOAMICUS 005 20220706122428.0 008 220706s2020 xxka 000 u eng r 020 $a978-1-78607-839-1 040 $aSeMil$bita 100 1 $aBrown, Jonathan Andrew Cleveland,$d<1977- >.$0(OLS)http://semarc/name/112616 245 10$aSlavery and Islam /$cJonathan A.C. Brown. 246 0 $aSlavery & islam 264 3$aLondon :$bOneworld,$c2020. 300 $aXVI, 430 p., [2] c. di tav. :$bill. ;$c23 cm 650 4$aSchiavitù - Concezione islamica.$0(OLS)http://semarc/subject/52599 850 $aSeMil 852 $aSeMil$W1$xVenegono$y1$m2R VI 25$j234063$B241855$CSeMilBibl$Z2$F241855 $81 961 $aPerego don Stefano - Omaggio 996 $6020$a978-1-78607-839-1$9(OLS)http://semarc/number/296258 996 $6245$aSlavery and Islam$9(OLS)http://semarc/title/440629 996 $6246$aSlavery & islam$9(OLS)http://semarc/title/440628 996 $6264$aLondon :$bOneworld$9(OLS)http://semarc/publisher/59632 LEADER 01276nam a2200241 i 4500 001 000000204182 003 CaOOAMICUS 005 20240201145438.0 008 170126n it u000 u lat u 013 $a182900 026 $ac-us m,e- esum dioc (3) 1672 (R) 040 $aSeMil$bita 100 1 $aBosca, Pietro Paolo,$d<1632-1699>.$0(OLS)http://semarc/name/83012 245 10$aPetri Pauli Boschae bibliothecarii, ... De origine, et statu Bibliothecae Ambrosianae hemidecas. Ad eminentissimum principem s.r.e. cardinalem Federicum Borromaeum .. 300 $a[24], 183, [13] p., [2] carte di tav. ripieg. di cui 1 ritr. calcogr. :$bill. ;$c4º. 500 $aRitratto del cardinale Federico Borromeo sott. Blancus ... 500 $aSegn.: pg4 *-2*4 A-Z42A6 650 4$aMilano - Biblioteca Ambrosiana - Storia.$0(OLS)http://semarc/subject/569 700 1 $aMonza, Lodovico,$c.$0(OLS)http://semarc/name/19554 850 $aSeMil 852 $aSeMil$W1$xVenegono$y1$m3O III 24 FA$j154676$B154676$CSeMilBibl$Z2$F215747 $8I 996 $6245$aPetri Pauli Boschae bibliothecarii, ... De origine, et statu Bibliothecae Ambrosianae hemidecas. Ad eminentissimum principem s.r.e. cardinalem Federicum Borromaeum ..$9(OLS)http://semarc/title/409486